Jesus and the God of classical theism : (Record no. 25293)

MARC details
000 -LEADER
fixed length control field 01459cam a2200349 i 4500
001 - CONTROL NUMBER
control field 22204806
003 - CONTROL NUMBER IDENTIFIER
control field AUA.1
005 - DATE AND TIME OF LATEST TRANSACTION
control field 20251123081708.0
008 - FIXED-LENGTH DATA ELEMENTS--GENERAL INFORMATION
fixed length control field 210831s2022 miu b 001 0 eng
010 ## - LIBRARY OF CONGRESS CONTROL NUMBER
LC control number 2021043093
020 ## - INTERNATIONAL STANDARD BOOK NUMBER
International Standard Book Number 9781540961389
Qualifying information (cloth)
020 ## - INTERNATIONAL STANDARD BOOK NUMBER
Cancelled/invalid ISBN 9781493420575
Qualifying information (ebook)
020 ## - INTERNATIONAL STANDARD BOOK NUMBER
Cancelled/invalid ISBN 9781493420582
Qualifying information (pdf)
020 ## - INTERNATIONAL STANDARD BOOK NUMBER
International Standard Book Number 9781540967114
Qualifying information (paperback)
035 ## - SYSTEM CONTROL NUMBER
System control number 22204806
040 ## - CATALOGING SOURCE
Original cataloging agency DLC
Language of cataloging eng
Description conventions rda
Transcribing agency DLC
Modifying agency DLC
-- JTL
042 ## - AUTHENTICATION CODE
Authentication code pcc
050 00 - LIBRARY OF CONGRESS CALL NUMBER
Classification number BT198
Item number .D7685 2023
082 00 - DEWEY DECIMAL CLASSIFICATION NUMBER
Classification number 232
Edition number 23
100 1# - MAIN ENTRY--PERSONAL NAME
Personal name Duby, Steven J.,
Relator term author.
245 10 - TITLE STATEMENT
Title Jesus and the God of classical theism :
Remainder of title biblical Christology in light of the doctrine of God /
Statement of responsibility, etc Steven J. Duby.
260 ## - PUBLICATION, DISTRIBUTION, ETC. (IMPRINT)
Place of publication, distribution, etc Grand Rapids, MI :
Name of publisher, distributor, etc Baker Academic;
Date of publication, distribution, etc 2023.
300 ## - PHYSICAL DESCRIPTION
Extent xx, 444 pages ;
Dimensions 24 cm.
504 ## - BIBLIOGRAPHY, ETC. NOTE
Bibliography, etc Includes bibliographical references (pages 378-416) and indexes.
520 ## - SUMMARY, ETC.
Summary, etc "This work of serious dogmatics by a Reformed evangelical theologian explains why classical theism is significant for Christology"--
600 00 - SUBJECT ADDED ENTRY--PERSONAL NAME
Personal name Jesus Christ
General subdivision History of doctrines.
600 00 - SUBJECT ADDED ENTRY--PERSONAL NAME
Personal name Jesus Christ
General subdivision Person and offices.
-- Biblical teaching.
650 #0 - SUBJECT ADDED ENTRY--TOPICAL TERM
Topical term or geographic name as entry element Theism.
9 (RLIN) 8171
906 ## - LOCAL DATA ELEMENT F, LDF (RLIN)
a 7
b cbc
c orignew
d 1
e ecip
f 20
g y-gencatlg
942 ## - ADDED ENTRY ELEMENTS (KOHA)
Source of classification or shelving scheme Library of Congress Classification
Koha item type Books
Classification part BT 198
Item part .D7685 2023
Holdings
Withdrawn status Lost status Source of classification or shelving scheme Damaged status Not for loan Collection code Home library Current library Shelving location Date acquired Source of acquisition Cost, normal purchase price Serial Enumeration / chronology Total Checkouts Full call number Barcode Date last seen Cost, replacement price Price effective from Koha item type
    Library of Congress Classification     Books Judith Thomas Library Judith Thomas Library General Stacks 23/11/2025 Grant, Langham Partnership 38.72 AUA28044   BT 198 .D7685 2023 AUA28044 23/11/2025 38.72 23/11/2025 Books